=LDR 00000nam 2200000 4500 =001 INLIS000000000011080 =005 20130612102700 =008 ***********************************Ind** =035 ##$$0010-061300000011080 =041 ##$$a Ind =082 ##$$a 352.598 23 =090 ##$$a 352 598 23, Kar s =100 ##$$a Kartikasari, Tatih =245 ##$$a sistem pemerintahan taradisoal I mewah Yogyakarta, Dra. Tatik kantika sari ; Drs. Binsar Simanulang =260 ##$$a 1997 $b Jakarta =300 ##$$a IV-104 hlm, ilus, 21 cm =700 ##$$a Simanupang , Binsar =850 ##$$a NBPNMAT